Southville International School and Colleges
Your cart is empty.
  • Cart
  • Lists
    Public lists Eva Luna New books Lux_list list_1
    Your lists Log in to create your own lists
  • Log in to your account
  • Your cookies
  • Search history
Southville International School and Colleges
  • Advanced search
  • Recent comments
  • Most popular
  • Libraries

Log in to your account

Log in with GOOGLE


If you do not have an external account, but do have a local account, you can still log in:

  1. Home
  2. MARC view: Amy peppercorn :
Normal view MARC view ISBD view

Amy peppercorn : (Record no. 12426)

[ view plain ]
MARC details
000 -LEADER
fixed length control field 00498nam a22001817a 4500
003 - CONTROL NUMBER IDENTIFIER
control field PILC
005 - DATE AND TIME OF LATEST TRANSACTION
control field 20160119102414.0
008 - FIXED-LENGTH DATA ELEMENTS--GENERAL INFORMATION
fixed length control field 121119t xxu||||| |||| 00| 0 eng d
020 ## - INTERNATIONAL STANDARD BOOK NUMBER
International Standard Book Number 1842552414
050 ## - LIBRARY OF CONGRESS CALL NUMBER
Classification number PZ 7
Item number .B858 2004
082 ## - DEWEY DECIMAL CLASSIFICATION NUMBER
Classification number FIC
Item number B77a 2003
100 ## - MAIN ENTRY--PERSONAL NAME
Personal name Brindley, John
9 (RLIN) 22258
245 ## - TITLE STATEMENT
Title Amy peppercorn :
Remainder of title starry-eyed and screaming
Statement of responsibility, etc John Brindley.
260 ## - PUBLICATION, DISTRIBUTION, ETC. (IMPRINT)
Place of publication, distribution, etc Great Britain :
Name of publisher, distributor, etc Dolphin Paperback,
Date of publication, distribution, etc 2004.
300 ## - PHYSICAL DESCRIPTION
Extent 20 cm.
Dimensions 19 cm.
942 ## - ADDED ENTRY ELEMENTS (KOHA)
Source of classification or shelving scheme Library of Congress Classification
Koha item type Books
Holdings
Withdrawn status Lost status Source of classification or shelving scheme Damaged status Home library Current library Shelving location Date acquired Total Checkouts Full call number Barcode Date last seen Copy number Price effective from Koha item type
    Library of Congress Classification   Luxembourg Library Luxembourg Library Fiction Section 10/01/2013   PZ 7 .B858 2004 12961 05/25/2015 1 10/01/2013 Books

Amy peppercorn :

APA

Brindley J., . (2004). Amy peppercorn. Great Britain: Dolphin Paperback.

Chicago

Brindley John, . 2004. Amy peppercorn. Great Britain: Dolphin Paperback.

Harvard

Brindley J., . (2004). Amy peppercorn. Great Britain: Dolphin Paperback.

MLA

Brindley John, . Amy peppercorn. Great Britain: Dolphin Paperback. 2004.

  • Place hold
  • Print
  • Cite
  • Add to your cart (remove)
  • Save record
    BIBTEX Dublin Core MARCXML MARC (non-Unicode/MARC-8) MARC (Unicode/UTF-8) MARC (Unicode/UTF-8, Standard) MODS (XML) RIS
  • More searches
    Search for this title in:
    Other Libraries (WorldCat) Other Databases (Google Scholar) Online Stores (Bookfinder.com) Open Library (openlibrary.org)

Exporting to Dublin Core...

SOUTHVILLE LIBRARY

Southville International School and Colleges Library

1281 Tropical Ave. Cor. Luxembourg St., BF Homes International, Las Pinas City

Tel. No. 8256374 / 252358 Loc. 117/146

Powered by Koha